Geography Quiz

Random Geography or City Quiz

Most Dangerous Cities in the U.S. Quiz Stats

 Plays Quiz not verified by Sporcle

Challenge
Share
Tweet
Embed
Score 0/15 Timer 05:00
0 Plays Today
Rank City % Correct
3Miami
94.1%
1Detroit
92.9%
4Las Vegas
91.9%
11New Orleans
84.6%
10Baltimore
83.4%
2Memphis
82.8%
9Nashville
82.6%
15Philadelphia
82.4%
Rank City % Correct
6Orlando
77.7%
12Baton Rouge
75%
7Little Rock
67.5%
14Charlotte
67.5%
8Charleston
56.8%
5Stockton
19.1%
13West Palm Beach
11.4%

You're not logged in!

Compare scores with friends on all Sporcle quizzes.
OR
Log In

You Might Also Like...

Show Comments

Extras

Top Quizzes Today


Score Distribution

Your Account Isn't Verified!

In order to create a playlist on Sporcle, you need to verify the email address you used during registration. Go to your Sporcle Settings to finish the process.

Report this User

Report this user for behavior that violates our Community Guidelines.

Details: